LEADER 01184cam0 22002771 450 001 SOBE00025855 005 20210326095343.0 010 $a9788824020206 100 $a20120601d2007 |||||ita|0103 ba 101 $aita 102 $aIT 200 1 $aPer l'Europa$ediscorsi e interventi maggio 2006-febbraio 2007 raccolti in occasione del 50. anniversario dei trattati di Roma$fGiorgio Napolitano 210 $aRoma$cIstituto Poligrafico e Zecca dello Stato$d2007 215 $a79 p.$c24 cm 300 $aIn testa al frontespizio: Presidenza della Repubblica italiana 700 1$aNapolitano$b, Giorgio <1925->$3A600200046731$4070$0120314 712 02$a*Italia$b : *Presidenza della *Repubblica$3SOBA00001658$4070 801 0$aIT$bUNISOB$c20210326$gRICA 850 $aUNISOB 852 $aUNISOB$jFondo|De|Sanctis|F$m157564 912 $aSOBE00025855 940 $aM 102 Monografia moderna SBN 941 $aM 957 $aFondo|De|Sanctis|F$b000922$gCON$d157564$hDeSanctisF$rdono$tN$1menle$2UNISOB$3UNISOB$420120601104825.0$520210326095343.0$6Spinosa$fPer le modalità di consultazione vedi homepage della Biblioteca link Fondi 996 $aPer l'Europa$91717564 997 $aUNISOB